| 000 | 00532nam a2200193 a 4500 | ||
|---|---|---|---|
| 001 | 1770713644652 | ||
| 003 | YourLibrary | ||
| 005 | 20260210142833.0 | ||
| 008 | 260210s2005##################000#0#eng## | ||
| 020 | _a9780415382410 | ||
| 082 | 0 | 4 |
_a330.941082 _bKIR |
| 100 | 1 |
_aKirby, M. W., _eauthor. |
|
| 245 | 1 | 0 | _aThe Decline of British Economic Power Since 1870 : |
| 260 |
_bTaylor & Francis, _c2005. |
||
| 300 | _a232 pages | ||
| 650 | 0 | _aBusiness & Economics. | |
| 942 | _cENGLISH | ||
| 040 |
_aYourLibrary _beng _cYourLibrary |
||
| 999 |
_c611398 _d611398 |
||